000 00505nam a2200169 u 4500
001 000034623
005 20200930073813.0
008 111010s2008 cl 000 0 spa d
020 _a9789583001093
040 _aDO-SdBNP
_bspa
_cBNPHU
082 _axxxx
_bxxxx
100 1 _aDarío, Rubén,
_d1867-1916
_915535
245 1 0 _aAzul /
_cRubén Darío.
260 _aBogotá, :
_bPanamericana,
_c2008.
300 _a120 p. ;
_c21 cm.
500 _aIncluye datos biográficos del autor en la solapa de la cubierta
999 _c34114
_d34114